000
00307nam a2200097Ia 4500
008
230822s1999 xx 000 0 und d
041
_a
eng
100
_a
STEIN B. & REYNOLDS J & MCGUINNESS W
245
_a
MECHANICAL AND ELECTRICAL EQUIPMENT FOR BUILDINGS 7TH ED VOL I PART 2, CHAPTER 6
260
_b
NULL
_c
1999
999
_c
861994
_d
861994